[Event "AUTO-OPEN-1934"]
[Site "http://www.queenalice.com/game.php?id=829883"]
[Date "2010.9.8"]
[Round "3"]
[White "drd123"]
[Black "Luizbrito"]
[Result "1-0"]
[WhiteElo "2127"]
[BlackElo "1901"]

1. e4 g6 2. d4 Bg7 3. Be3 d6 4. f3 Nf6 5. Nc3 Nc6 6. Bb5 Bd7 7. Nge2 Nb4 8.
Bxd7+ Qxd7 9. O-O O-O-O 10. a3 Nc6 11. Nf4 g5 12. Nfd5 h6 13. Nxf6 Bxf6 14. Ne2
d5 15. e5 Bg7 16. f4 f6 17. fxg5 hxg5 18. exf6 Qd6 19. fxg7 Rhg8 20. Ng3 Qg6 21.
Qg4+ Kb8 22. Qxg5 Qxc2 23. Nf5 Qe4 24. Rae1 Qe6 25. Nh6 Rxg7 26. Qxg7 b6 27. Bf4
Qd7 28. Ng8 Kb7 29. Nxe7 Nxe7 30. Rxe7 Qa4 31. Rxc7+ Ka8 32. Be5 Re8 33. h3 b5
34. Rff7 1-0

[Event "Gladiador"]
[Site "http://www.queenalice.com/game.php?id=831981"]
[Date "2010.9.12"]
[Round "-"]
[White "enrikov"]
[Black "Luizbrito"]
[Result "0-1"]
[WhiteElo "1960"]
[BlackElo "1915"]

1. c4 c5 2. Nc3 Nc6 3. Nf3 Nf6 4. d4 e6 5. d5 exd5 6. cxd5 Nb4 7. e4 Bd6 8. e5
Qe7 9. Qe2 Bxe5 10. Nxe5 d6 11. Nc4 Nc2+ 12. Kd1 Nxa1 13. Qxe7+ Kxe7 14. Bd3 Ng4
15. Be3 b5 16. Nd2 Nxe3+ 17. fxe3 c4 18. Be4 f5 19. Bf3 g5 20. b3 b4 21. Nb5 c3
22. Nc4 Rd8 23. Kc1 Ba6 24. Nc7 Bxc4 25. bxc4 Rac8 26. Ne6 b3 27. Nxd8 b2+ 28.
Kb1 Kxd8 29. Be2 a5 30. Bd3 a4 31. Rf1 a3 32. Rxf5 Rxc4 33. Bxc4 c2# 0-1

[Event "Challenge"]
[Site "http://www.queenalice.com/game.php?id=852800"]
[Date "2010.10.31"]
[Round "-"]
[White "Benjamin"]
[Black "Luizbrito"]
[Result "0-1"]
[WhiteElo "1501"]
[BlackElo "1931"]

1. g3 e5 2. Bg2 d5 3. e3 Nf6 4. Nf3 Bg4 5. c3 e4 6. Qb3 exf3 7. Bf1 b6 8. h3 Be6
9. d4 a6 10. Nd2 Nc6 11. Nxf3 Ne4 12. Bg2 Na5 13. Qa4+ Bd7 14. Qc2 Qe7 15. O-O
c5 16. Ne5 Bf5 17. g4 Ng3 18. Qa4+ Bd7 19. Nxd7 Ne2+ 20. Kh1 b5 21. Qxa5 Qxd7
22. Bd2 h5 23. Bf3 hxg4 24. Bxg4 Qxg4 0-1

[Event "AUTO-OPEN-2172"]
[Site "http://www.queenalice.com/game.php?id=861432"]
[Date "2010.11.20"]
[Round "1"]
[White "Sigmund"]
[Black "Luizbrito"]
[Result "1-0"]
[WhiteElo "1710"]
[BlackElo "1983"]

1. e4 c5 2. Nf3 d6 3. Nc3 Nf6 4. Bc4 e6 5. O-O Nc6 6. Bb5 Bd7 7. a3 a6 8. Bxc6
Bxc6 9. Re1 e5 10. d3 Be7 11. Ne2 O-O 12. Ng3 Bd7 13. h3 h6 14. Nh4 Nh7 15. Nhf5
Bxf5 16. Nxf5 Bg5 17. Bxg5 Nxg5 18. Qg4 Qf6 19. Re3 Ne6 20. Nxd6 h5 21. Qf5 Qh6
22. Rae1 Nd4 23. Qxe5 Nxc2 24. Nf5 Qf6 25. Qxf6 gxf6 26. Rg3+ Kh7 27. Rc1 Nd4
28. Nxd4 cxd4 29. Rc5 Kh6 30. Rf5 Rg8 31. Rxf6+ Rg6 32. Rgxg6+ fxg6 33. e5 Re8
34. f4 h4 35. Kf2 Kh5 36. Kf3 Rc8 37. e6 Re8 38. Ke4 Re7 39. Kxd4 g5 40. f5 g4
41. hxg4+ Kxg4 42. Rf7 Re8 43. Ke5 Kg3 44. Rg7+ Kh2 45. e7 Rc8 46. Ke6 Rc2 47.
e8=Q Re2+ 48. Kd7 Rf2 49. Qh5 h3 50. Qxh3+ Kg1 51. Rh7 Kf1 52. g4+ Ke1 53. Qe3+
Kf1 54. Rh1+ Kg2 55. Qh3# 1-0

[Event "AUTO-OPEN-2172"]
[Site "http://www.queenalice.com/game.php?id=861433"]
[Date "2010.11.20"]
[Round "1"]
[White "Luizbrito"]
[Black "Sigmund"]
[Result "1-0"]
[WhiteElo "1953"]
[BlackElo "1776"]

1. e4 e5 2. Nf3 d6 3. d4 Nf6 4. Nc3 exd4 5. Nxd4 Be7 6. Bc4 c5 7. Nf3 O-O 8. O-O
h6 9. Be3 Be6 10. Bxe6 fxe6 11. Qe2 Nc6 12. Rad1 Qb6 13. b3 a5 14. Qc4 Rad8 15.
Qxe6+ Kh8 16. e5 Ne4 17. Nxe4 dxe5 18. Nxe5 Rxd1 19. Rxd1 Rd8 20. Rd7 Nxe5 21.
Qxb6 Rxd7 22. g3 Bd8 23. Qxc5 Nc6 24. Qf8+ Kh7 25. Qf5+ 1-0

[Event "AUTO-OPEN-2172"]
[Site "http://www.queenalice.com/game.php?id=861458"]
[Date "2010.11.20"]
[Round "1"]
[White "Luizbrito"]
[Black "GM_Westerley_1993"]
[Result "0-1"]
[WhiteElo "1943"]
[BlackElo "1976"]

1. e4 c5 2. Nf3 d6 3. d4 cxd4 4. Nxd4 Nc6 5. Bb5 Bd7 6. Nc3 Nf6 7. O-O g6 8. Nf3
Bg7 9. Re1 O-O 10. Bf4 a6 11. Bc4 b5 12. Bb3 Na5 13. Bd5 Rb8 14. e5 dxe5 15.
Rxe5 Rc8 16. Rg5 h6 17. Rg3 Nh5 18. Rxg6 e6 19. Rxg7+ Nxg7 20. Be4 f5 21. Bd3
Rf6 22. Qd2 Nc4 23. Bxc4 Rxc4 24. Bxh6 Qe8 25. Ne5 Rc7 26. Qg5 Qe7 27. Rd1 Be8
28. Ne2 Rc5 29. f4 Rxc2 30. Nd4 Rxb2 31. Nec6 Bxc6 32. Nxc6 Qc5+ 33. Kh1 Rxh6
34. Ne5 Rd2 35. Rg1 Rh5 36. Qg6 Qe7 37. Nc6 Qf7 38. Qg3 Kh7 39. Ne5 Qf6 40. Qe1
Re2 41. Nd7 Qh6 42. Qg3 Re3 43. Nf6+ Qxf6 44. Qxe3 Qh4 45. h3 Rh6 46. Rd1 Rg6
47. Kh2 Nh5 48. Rd7+ Kh6 49. Rd3 Qxf4+ 50. Qxf4+ Nxf4 51. Rd2 e5 52. Rf2 Kg5 53.
g3 Nd3 54. Rd2 e4 55. Kg2 Rd6 56. Rd1 Rc6 57. Rd2 Rc1 58. Re2 Ne1+ 59. Kf2 Nf3
60. Ke3 Re1 61. Kf2 Rxe2+ 62. Kxe2 Ng1+ 63. Kf2 Nxh3+ 64. Kg2 Kg4 65. Kf1 Kf3
0-1

[Event "AUTO-OPEN-2172"]
[Site "http://www.queenalice.com/game.php?id=861459"]
[Date "2010.11.20"]
[Round "1"]
[White "GM_Westerley_1993"]
[Black "Luizbrito"]
[Result "0-1"]
[WhiteElo "1847"]
[BlackElo "1970"]

1. e4 c5 2. Nf3 d6 3. d4 Nf6 4. Nc3 Qa5 5. Bd2 Qb6 6. dxc5 Qxc5 7. Bd3 Nc6 8.
Be3 Qa5 9. O-O a6 10. Nd4 Nxd4 11. Bxd4 e5 12. Be3 Be7 13. Ne2 O-O 14. Ng3 b5
15. Nf5 Bxf5 16. exf5 e4 17. Be2 b4 18. g4 Nd5 19. Bd2 Bf6 20. Qc1 Qc5 21. Kh1
Rfe8 22. g5 e3 23. fxe3 Bxg5 24. e4 Rxe4 25. Bxg5 Rxe2 26. f6 Nxf6 27. Bxf6 Qd5+
0-1

[Event "AUTO-OPEN-2172"]
[Site "http://www.queenalice.com/game.php?id=861460"]
[Date "2010.11.20"]
[Round "1"]
[White "Luizbrito"]
[Black "castropereira"]
[Result "1-0"]
[WhiteElo "1951"]
[BlackElo "1308"]

1. e4 e5 2. Nf3 d6 3. d4 c6 4. Nc3 exd4 5. Nxd4 c5 6. Nf3 a6 7. Bc4 h6 8. O-O b5
9. Bd5 Ra7 10. e5 dxe5 11. Nxe5 f6 12. Bf7+ Ke7 13. Nd5+ Kd6 14. Nxf6+ Kxe5 15.
Qxd8 Rd7 16. Nxd7+ Nxd7 17. Qxc8 Ndf6 18. f4+ Kd6 19. Rd1+ Nd5 20. Rxd5+ Ke7 21.
Qe6# 1-0

[Event "AUTO-OPEN-2172"]
[Site "http://www.queenalice.com/game.php?id=861461"]
[Date "2010.11.20"]
[Round "1"]
[White "castropereira"]
[Black "Luizbrito"]
[Result "0-1"]
[WhiteElo "1322"]
[BlackElo "1962"]

1. e4 e5 2. Nf3 Nf6 3. Nxe5 d6 4. Nf3 Nxe4 5. d3 Nc5 6. d4 Qe7+ 7. Ne5 Ncd7 8.
Be2 dxe5 9. h3 exd4 10. c3 dxc3 11. bxc3 Nc5 12. h4 Qe5 13. a4 Be7 14. Ra2 Be6
15. g3 Bxa2 16. Nd2 Nd3+ 17. Kf1 Qxc3 18. g4 Nxc1 19. Bb5+ c6 20. Rg1 cxb5 21.
Qe1 Qd3+ 22. Kg2 Ne2 23. Kf1 Nxg1+ 24. Kxg1 Nc6 25. h5 O-O-O 26. Kg2 Rhe8 27.
Kg1 Bh4 28. Qa1 Qxd2 29. Qxg7 Qxf2+ 30. Kh1 Re1# 0-1

[Event "AUTO-OPEN-2197"]
[Site "http://www.queenalice.com/game.php?id=872672"]
[Date "2010.12.16"]
[Round "1"]
[White "deepblueII"]
[Black "Luizbrito"]
[Result "0-1"]
[WhiteElo "1421"]
[BlackElo "1981"]

1. d4 d5 2. b4 e5 3. a3 e4 4. e3 Nf6 5. h3 Bd6 6. c3 a6 7. f3 Bg3+ 8. Kd2 O-O 9.
f4 Nc6 10. Ne2 Bf2 11. g3 Nh5 12. h4 Bg4 13. Rh2 Bxg3 14. Nxg3 Bxd1 15. Kxd1
Nxg3 0-1

[Event "AUTO-OPEN-2197"]
[Site "http://www.queenalice.com/game.php?id=872673"]
[Date "2010.12.16"]
[Round "1"]
[White "Luizbrito"]
[Black "deepblueII"]
[Result "0-1"]
[WhiteElo "1966"]
[BlackElo "1795"]

1. e4 c5 2. Nc3 Nc6 3. g3 Nf6 4. Bb5 Qb6 5. Nf3 Nd4 6. Bc4 Nxf3+ 7. Qxf3 e6 8.
e5 Nd5 9. Bxd5 exd5 10. Nxd5 Qa5 11. O-O d6 12. exd6 Bxd6 13. d3 Be6 14. Qe2 O-O
15. Bd2 Qb5 16. a4 Qc6 17. Nc3 Rae8 18. Rae1 Bh3 19. Ne4 f5 20. f3 fxe4 21. dxe4
Bxf1 22. Rxf1 Qxa4 23. b3 Qd4+ 24. Be3 Qc3 25. Kg2 Re5 26. Rd1 Rf6 27. Rd3 Qb4
28. Bd2 Qb5 29. c4 Qd7 30. Bc3 Rh6 31. Bxe5 Qh3+ 32. Kg1 Bxe5 33. f4 Bd4+ 34.
Kh1 Ra6 35. Rd1 Ra3 36. Rd3 Ra1+ 37. Rd1 Rxd1+ 38. Qxd1 Bf2 39. Qd5+ Kf8 40.
Qf5+ Qxf5 41. exf5 Kf7 42. Kg2 Bd4 43. Kf3 a6 44. g4 Kf6 45. Ke4 a5 46. g5+ Ke7
47. h3 g6 48. f6+ Ke6 0-1

[Event "AUTO-OPEN-2197"]
[Site "http://www.queenalice.com/game.php?id=872689"]
[Date "2010.12.16"]
[Round "1"]
[White "thedocwat"]
[Black "Luizbrito"]
[Result "0-1"]
[WhiteElo "1322"]
[BlackElo "1956"]

1. e4 c5 2. Nf3 d6 3. Bc4 Nf6 4. Nc3 Nc6 5. O-O Bg4 6. Nb5 Nxe4 7. d3 Nf6 8. Bf4
d5 9. Bc7 Qd7 10. Qd2 Bxf3 11. Bb3 a6 12. gxf3 axb5 13. Bf4 Nd4 14. Qe3 Ra6 15.
Be5 Nf5 16. Qxc5 e6 17. Qc3 b4 18. Qd2 Nh5 19. c3 Nh4 20. Qe3 Be7 21. cxb4 Nf5
22. Qe2 f6 23. Bc3 Nf4 24. Qd2 Bd6 25. Rae1 O-O 26. a3 Nh4 27. d4 Nxf3+ 0-1